• 首页
  • 本馆介绍
  • 公告通知
  • 最新文献
  • 馆藏检索
  • 电子资源
  • 读者导购
  • 参考咨询
  • 我的图书馆
  • 登录
  • 详细信息显示
  • 放入我的书架
  • 预约/预借图书
  • 作者相关作品
  • 分类相关作品
  • 丛书相关作品
  • 出版社相关作品

书目信息

  • 表格格式
  • 工作单格式
  • 卡片格式
题名:
无沟铺管法
    
 
作者: 郑晔煜 , 鞠泽民 译
分册:  
出版信息: 北京   建筑工程出版社  1957
页数: 52页
开本: 20cm
丛书名:
单 册:
中图分类: U175
科图分类:
主题词: 管道运输
电子资源:
ISBN:
000 00554nam0 2200205 450
001 0631262109
005 20061127084342.00
010    @dCNY0.36
100    @a20061127d1957 km y0chiy0120 ea
101 0  @achi
102    @aCN@b110000
200 1  @a无沟铺管法@Awu gou pu guan fa@f郑晔煜,鞠泽民译@Fzheng ye yu,ju ze min yi
210    @a北京@c建筑工程出版社@d1957
215    @a52页@d20cm
606 0  @a管道运输
690    @aU175@v3
701  0 @a郑晔煜@Azheng ye yu@4译
701  0 @a鞠泽民@Aju ze min@4译
801  0 @aCN@bPFT@c20061127
905    @a10447@dU175@e1
    
    无沟铺管法/郑晔煜,鞠泽民译.-北京:建筑工程出版社,1957
    52页;20cm
    
    
    ISBN :CNY0.36
    
●
相关链接 在E读中查询图书 在五车中查询图书 在当当中查询图书 在豆瓣中查询图书


正题名:无沟铺管法     索取号:U175/1         预约/预借

序号 登录号 条形码 馆藏地/架位号 状态 备注
1 0018136   001699629   第二样本阅览室/ [索取号:U175/1] 在馆    
唐山师范学院图书馆 欢迎您!
大连网信软件有限公司© 版权所有